[Event "Washington op Premier"]
[Site "Redmond"]
[Date "2008.05.26"]
[Round "5"]
[White "Harwood, Paul"]
[Black "Lowther, Jeff"]
[Result "1-0"]
[WhiteElo "1836"]
[BlackElo "1905"]
[PlyCount "67"]
[EventDate "2008.05.24"]
[EventType "swiss"]
[EventRounds "6"]
[EventCountry "USA"]
[SourceTitle "EXT 2017"]
[Source "ChessBase"]
[SourceDate "2016.10.25"]
[SourceVersion "1"]
[SourceVersionDate "2016.10.25"]
[SourceQuality "1"]

1. e4 e5 2. Nf3 Nc6 3. Bc4 Bc5 4. 0-0 Nf6 5. d3 h6 6. c3 d6 7. b4 Bb6 8. a4 a5 9. b5 Ne7 10. h3 Be6 11. Bxe6 fxe6 12. Qb3 Qd7 13. Be3 Bxe3 14. fxe3 b6 15. Nbd2 0-0-0 16. Rac1 Ng6 17. d4 Qe7 18. c4 exd4 19. exd4 Nd7 20. Qe3 e5 21. c5 dxc5 22. dxc5 Nxc5 23. Rc3 Nxa4 24. Rc6 Nf4 25. Nc4 Kb7 26. Nfxe5 g5 27. Ra1 Qb4 28. Rxa4 Qxa4 29. Rxc7+ Kxc7 30. Qxb6+ Kc8 31. Qa6+ Kb8 32. Nc6+ Kc7 33. Qa7+ Kc8 34. Nb6# 1-0

[Event "Washington op Premier"]
[Site "Redmond"]
[Date "2008.05.24"]
[Round "1"]
[White "Harwood, Paul"]
[Black "Blacksten, Paul"]
[Result "1-0"]
[WhiteElo "1836"]
[BlackElo "1658"]
[PlyCount "137"]
[EventDate "2008.05.24"]
[EventType "swiss"]
[EventRounds "6"]
[EventCountry "USA"]
[SourceTitle "EXT 2017"]
[Source "ChessBase"]
[SourceDate "2016.10.25"]
[SourceVersion "1"]
[SourceVersionDate "2016.10.25"]
[SourceQuality "1"]

1. e4 d6 2. d4 Nd7 3. Nf3 g6 4. Nc3 c6 5. Bc4 Nb6 6. Bb3 Bg7 7. Be3 Nf6 8. 0-0 0-0 9. h3 Be6 10. Qd3 Bxb3 11. axb3 Nbd7 12. Rfd1 Qc7 13. Ne2 b6 14. c4 c5 15. d5 h6 16. Nc3 Kh7 17. Re1 Ng8 18. h4 Ndf6 19. Nh2 Qd7 20. Qe2 a5 21. Bd2 Kh8 22. Rf1 Rae8 23. Rae1 e5 24. Kh1 h5 25. f3 Nh6 26. Nd1 Nh7 27. Nf2 f5 28. Nh3 f4 29. Rd1 Bf6 30. Be1 Qe7 31. Qf2 Rg8 32. Rg1 Rg7 33. g4 fxg3 34. Qxg3 Reg8 35. Ng5 Bxg5 36. hxg5 Nf7 37. Bd2 Rf8 38. Rdf1 Kg8 39. Rf2 Nh8 40. Kg2 Rgf7 41. Kh1 Qd7 42. Rgf1 Qe7 43. Be3 Re8 44. Rg1 Ref8 45. Nf1 Rg7 46. Nd2 Nf7 47. Nb1 Ra8 48. Nc3 Nf8 49. Rgf1 h4 50. Qg4 Rh7 51. Rh2 h3 52. Rg1 Qd7 53. Qxd7 Nxd7 54. Rg3 Kg7 55. Rgxh3 Rxh3 56. Rxh3 Nf8 57. Kg2 Nh7 58. Rg3 Rh8 59. Nb5 Nf8 60. Nc7 Nh7 61. Ne6+ Kg8 62. Rh3 Nf8 63. Bd2 Rxh3 64. Kxh3 Nxe6 65. dxe6 Nh8 66. f4 Kf8 67. f5 Ke7 68. Kg4 gxf5+ 69. Kxf5 1-0